|
|
|
|
| LEADER |
00000nam a22000007a 4500 |
| 005 |
2016052501081.0 |
| 007 |
cr|||| ||u| |
| 008 |
160525s2016 sp |||||o|||| 00||0 spa d |
| 020 |
|
|
|a 978-84-9085-433-4
|
| 035 |
|
|
|a 14271
|
| 040 |
|
|
|a vLex
|
| 090 |
|
|
|c 6144
|d 6144
|
| 100 |
1 |
|
|a Serrano Gm̤ez, Alfonso
|
| 245 |
1 |
0 |
|a Corrupcin̤ en la Universidad. La Ley y sus efectos negativos en la seleccin̤ del profesorado
|h [Recurso electrn̤ico] /
|c Alfonso Serrano Gm̤ez
|
| 256 |
|
|
|a Servicio en ln̕ea
|
| 260 |
|
|
|a Espaą
|b Dykinson
|c 2016
|
| 300 |
|
|
|a 1 recurso electrn̤ico
|
| 506 |
1 |
|
|a Contenido solo disponible en los productos indicados
|d vLex Global
|d vLex Global (Academic Edition, excluding Law Schools)
|d vLex Global (U.S. Academic Edition, Law Schools)
|d vLex Global (U.S. Academic Edition, excluding Law Schools)
|d vLex Global (Academic Edition, Law Schools)
|
| 650 |
0 |
4 |
|a Corrupcin̤
|z Espaą
|
| 740 |
0 |
|
|a vLex libros (servicio en ln̕ea)
|
| 856 |
4 |
0 |
|u http://vlex.com/source/corrupcion-universidad-14271
|z Acceso restringido
|
| 942 |
|
|
|c BOOK
|
| 999 |
0 |
|
|a Corruption
|b Spain
|